000 00501nam a2200193 a 4500
001 1766824440773
003 YourLibrary
005 20251229124157.0
008 251227s1994##################000#0#eng##
020 _a9780198204480
082 0 4 _a206.1
_bMAR
100 1 _aMarshall, Peter,
_eauthor.
245 1 0 _aThe Catholic Priesthood and the English Reformation :
260 _c1994.
300 _a296 pages
650 0 _aHistory.
942 _cENGLISH
040 _aYourLibrary
_beng
_cYourLibrary
999 _c605629
_d605629